000 00568nam a2200217Ia 4500
003 OSt
005 20220928151755.0
006 a|||||r|||| 00| 0
007 ta
008 220927b |||||||| |||| 00| 0 eng d
024 _a131400
037 _cTextual
040 _aSDCL
_cSDCL
_beng
041 _2eng
_aeng
082 _aO-,1M22:g, L3
100 _aAlexander Edward
_9500464
245 0 _aMatthew Arnold, John Ruskin, and the modern temper
260 _c1973
942 _hO-,1M22:g, L3
_cTEXL
_2CC
999 _c853040
_d853040